000 00873nam a22002417a 4500
003 OSt
005 20260304033752.0
008 260304b |||||||| |||| 00| 0 eng d
020 _a0590634275
040 _aDWCL GS lib
_cOC
082 _aFic. P639c 2003
100 _aPilkey, Dav
245 _aCAPTAIN UNDERPANTS AND THE ATTACK OF THE TALKING TOILETS
_cDav Pilkey
260 _aUnited States
_bScholastic, Blue Sky
_cc1999.
300 _avii, 144 pages:
_billutrations ;
_c22cm.
520 _aPrincipal Krupp once again turns into the superhero Captain Underpants in order to save the world, and Jerome Horwitz Elementary School, from the evil talking toilets and the Turbo Toilet 2000
546 _aEnglish
650 _achildren's literature
650 _ahumour/comedy,
650 _ascience fiction
700 _aDav Pilkey
942 _2ddc
_cFIC.
_hFic.
_n0
999 _c8604
_d8604